Necklaces of Gems (qalaid Al-Jawahir) (Record no. 15899)

MARC details
000 -LEADER
fixed length control field 00657nam a2200241 a 4500
020 ## - INTERNATIONAL STANDARD BOOK NUMBER
ISBN 1882216172
082 00 - DEWEY DECIMAL CLASSIFICATION NUMBER
Classification number 922.97
Author Cutter TAD
100 ## - MAIN ENTRY--AUTHOR NAME
Author name Tadifi, S M Ibn Yahya
245 ## - TITLE STATEMENT
Title Necklaces of Gems (qalaid Al-Jawahir)
260 ## - PUBLICATION, DISTRIBUTION, ETC. (IMPRINT)
Place of publication Kualalampur
Name of publisher S.A.Majeedand Co.
Year of publication 1998
300 ## - PHYSICAL DESCRIPTION
Number of Pages 603p
500 ## - GENERAL NOTE
General note includes index and biblioraphy
650 ## - SUBJECT ADDED ENTRY--TOPICAL TERM
Topical Term Abdul Khadir Jeelani-Biography
650 ## - SUBJECT ADDED ENTRY--TOPICAL TERM
Topical Term Biography-Abdul Khadir Jeelani
942 ## - ADDED ENTRY ELEMENTS (KOHA)
Koha item type Books
700 1# -
-- Tadifi, S M Ibn Yahya
Holdings
Collection code Home library Current library Date acquired Cost, normal purchase price Full call number Accession Number Koha item type
  Henry Martyn Institute Library Henry Martyn Institute Library 02/17/2014 400.00 922.97 TAD 024416 Books
                   Copyright © 2026 | Henry Martyn Institute | Hyderabad | TS-500052 | INDIA | Implemented by hmi.edu.in
Hit-Count:

Powered by Koha